000 00483nam a2200181Ia 4500
005 20250326124612.0
008 250326s9999 xx 000 0 und d
037 _aTextbook
040 _aFMSL
_beng
_cFMSL
041 _aeng
_2eng
084 _aX:8 L832
_qFMSL
100 _aSethi N K
_9737399
245 0 _aManagerial dynamics
_cSethi N K
260 _aNew Delhi
_bNew Delhi, Sterling
_c1978
300 _a272p
942 _cTB
_hX:8 L832
999 _c1274345
_d1274345